000 00647nam a2200217 a 4500
999 _c5116
_d5116
001 5116
003 BD-JhCC
005 20171209122529.0
008 171209s1972 bg ||||| |||| 00| 0 ben d
035 _a(BD-JhCC)5116
040 _aBD-JhCC
_dBD-JhCC
041 _aben
082 _a923
_bSAS 1972
100 _aশস্ত্রপাণি, মহসিন
245 _aবিপ্লবী হোচিমিন /
_cমহসিন শস্ত্রপাণি
260 _aঢাকা :
_bপ্রকাশ ভবন ঢাকা,
_c1972.
300 _a151 p. :
_c21 cm.
650 _aBiography
942 _2ddc
_cBK